000 00775nas a2200265 4500
001 BR2011001790
003 BR-BrBNA
005 20231205114907.0
007 ta
008 230509b bl.|||p| |||| 00| 00por d
040 _aBR-BrBNA
_bpor
_cBiblioteca Nacional de Agricultura
041 _a(Pt)
072 _aF03; F01
100 1 _aLudwig, M.P.
100 1 _aMaia, M. de S.
100 1 _aCorrêa, M.F.
245 1 _aBanco de sementes de aveia preta no solo sob dois sistemas de manejo
650 _aAVEIA FORRAGEIRA
650 _aSEMENTE
650 _aSOLO
650 _aSISTEMA DE CULTIVO
773 0 _tCiência Rural (Brazil)
_xISSN 0103-8478
_g(Jan 2011), v. 41(1) p. 25-32
_wBR2011001790
909 _a202311
_bLúcia
_c55
_dLúcia Elande
942 _2AGRIS
_n0
_cANA
999 _c211071
_d211071